Estudio urbanístico para una población obrera en Achupallas

Furkejuvvon:
Bibliográfalaš dieđut
Váldodahkki: Cruz Covarrubias, Carlos Alberto (Dahkki)
Materiálatiipa: Girji
Giella:espánnjágiella
Almmustuhtton: Valparaíso Pontificia Universidad Católica de Valparaíso 1952
Fáttát:
Fáddágilkorat: Lasit fáddágilkoriid
Eai fáddágilkorat, Lasit vuosttaš fáddágilkora!

MARC

LEADER 00000nam a2200000 a 4500
001 UCH5903
003 CL-VaPUC
008 091105e19520000CL |||||||||||||||||spa|d
082 0 4 |a 711.4  |b CRU  |2 21 
100 0 |a Cruz Covarrubias, Carlos Alberto  |e author  |9 510134 
245 1 0 |a Estudio urbanístico para una población obrera en Achupallas 
246 1 0 |a Primer módulo Taller de Proyectos 1: La ciudad. Tema A, Proyecto Achupallas 
300 |a pag. irreg 
942 |c BK 
945 |d 20091105 00:00:00  |a rbrito 
260 |a Valparaíso  |b Pontificia Universidad Católica de Valparaíso  |c 1952 
500 |a Primer módulo Taller de Proyectos 1: La ciudad/Tema A, Proyecto Achupallas 
650 0 |a Planificación urbana   |9 258176 
650 0 |a Diseño urbano  |9 337440 
650 0 |a Urbanización   |9 265706 
650 7 |a DESARROLLO URBANO  |2 CL-VaPUC  |9 542298 
650 0 |a Dibujo arquitectónico  |9 266673 
583 |a last modification  |c 20091105 00:00:00  |k Rodrigo Vera 
999 |c 336933  |d 336931 
952 |0 0  |1 0  |4 0  |6 711_400000000000000_CRU_1952  |7 0  |8 A  |9 429000  |a BIBARQ  |b BIBARQ  |d 2019-11-22  |i 4615379  |l 1  |o 711.4 CRU 1952  |p 4615379  |r 2025-01-20  |s 2024-04-19  |w 2019-11-22  |y BK  |k ARQ 
952 |0 0  |1 0  |4 0  |6 711_400000000000000_CRU_1952  |7 0  |8 A  |9 429001  |a BIBARQ  |b BIBARQ  |d 2019-11-22  |i 4615387  |l 1  |m 1  |o 711.4 CRU 1952  |p 4615387  |r 2025-01-20  |s 2023-05-18  |w 2019-11-22  |y BK  |k ARQ 
952 |0 0  |1 0  |4 0  |6 711_400000000000000_CRU_1952  |7 0  |8 A  |9 429002  |a BIBARQ  |b BIBARQ  |d 2019-11-22  |i 4615395  |l 1  |o 711.4 CRU 1952  |p 4615395  |r 2025-01-20  |s 2024-04-05  |w 2019-11-22  |y BK  |k ARQ